How many independent nations have been established since the 1990's - Statistics

General Stats
  • This quiz has been taken 20 times
  • The average score is 11 of 15
Answers on the Grid
Answers color-coded by a green-red scale on the quiz's grid according to % correct below.
Russia
Sudan
Libya
Ukraine
Belarus
Ghana
Morocco
Tunisia
Montenegro
Timor-Leste
Guinea
Serbia
Malaysia
Croatia
Slovenia
Guinea
Indonesia
Bosnia
Kazakhstan
Palau
Chad
Congo
DRA
Eritrea
South Sudan
Ivory Coast
Niger
Croatia
North Macedonia
Gabon
 
Answer Stats
Answer % Correct
Russia
89%
Ukraine
89%
Belarus
84%
Bosnia
79%
Croatia
79%
Croatia
79%
Montenegro
79%
North Macedonia
79%
Serbia
79%
Slovenia
79%
Kazakhstan
74%
South Sudan
74%
Timor-Leste
74%
Eritrea
68%
Palau
37%
No matching quizzes found
Score Distribution
Percent of People with Each Score
Percentile by Number Answered
Your Score History
You have not taken this quiz